000 00674nam a2200265Ia 4500
005 20260121172834.0
008 008 260114s9999 xx 000 0 eng d
020 _a9783030742546
037 _aEBOOK
040 _aCRL
040 _beng
040 _cCRL
041 _2eng
041 _aeng
084 _qCRL
100 _aRobert Ford, Tim Bale, Will Jennings, Paula Surridge
_91093388
245 4 _aThe British General Election of 2019
260 _bSpringer
260 _bSpringer
260 _c2021
856 _uhttps://link.springer.com/openurl?genre=book&isbn=978-3-030-74254-6
942 _cEBOOK
999 _c1659130
_d1659130